000 01384namaa22003131i 4500
005 20260430113446.0
008 260430s1994 ua a|||frm||| 000 0 eng d
040 _aEG-GICUC
_beng
_cEG-GICUC
_dEG-GICUC
_erda
041 0 _aeng
_beng
_bara
049 _aDeposit
097 _aM.Sc
099 _aCai01.09.06.M.Sc.1994.Da.C
100 0 _aDalia Mohamed El- Boghdady,
_epreparation.
245 1 0 _aA Clinical Study of The Post Retention Pulpal Reaction to Extrusive Tooth Movement in Human Premolars /
_b
_cBy Dalia Mohamed El- Boghdady ; Supervisors Dr. Yehya Ahmed Mostafa, Dr. Sanaa Abd Zeid Solman
246 1 5 _aدراسة اكلينيكية لتأثير اللب السني عقب استبقاء تحريك السن اقصائيا لضواحك الانسان
264 0 _c1994.
300 _a59 Leaves
_billustrations
_c30 cm. +
336 _2rda content
_atext
337 _2rdamedia
_aUnmediated
338 _2rdacarrier
_avolume
502 _aThesis (M.Sc.)-Cairo University, 1994
504 _aBibliography: pages 54-59
653 0 _aExtrusive Tooth Movement in Human Premolars
700 0 _aYehya Ahmed Mostafa
_ethesis advisor.
700 0 _aSanaa Abd Zeid Solman
_ethesis advisor.
900 _DDepartment of Orthodontics
_FFaculty of Dentistry
_UCairo University
_b1994
_cYehya Ahmed Mostafa
_cSanaa Abd Zeid Solman
905 _aNehad
942 _2ddc
_cTH
_e21
_n0
999 _c179852